| 000 | 00000nam##2200000za#4500 |
| 001 | 9.533252 |
| 003 | CaOODSP |
| 005 | 20200327072332 |
| 007 | ta |
| 008 | 150406|2000||||xxc||||| f|0| 0 eng|d |
| 020 | |a0-660-61205-4 |
| 040 | |aCaOODSP|beng |
| 041 | |aeng |
| 041 | |afre |
| 043 | |an-cn--- |
| 086 | 1 |aBT31-2/2001-III-83 |
| 110 | 1 |aCanada. |bTreasury Board. |
| 245 | 10|aRCMP - External Review Committee |
| 260 | |aOttawa - Ontario : |bTreasury Board of Canada Secretariat |c2000. |
| 300 | |aEnglish text, 13p. : |borganization chart, tables ; |c28 cm. |
| 490 | 1 |a2000-2001 estimates, part III: report on plans and priorities |
| 546 | |aBilingual |
| 563 | |aSoftcover |
| 590 | |a00-14|b2000-04-07 |
| 690 | 07|aEstimates|2gcpds |
| 776 | 0#|tRCMP External Review Committee, 2000-2001 estimates, part III, report on plans and priorities |w(CaOODSP)9.567893 |
| 776 | 0#|tComité externe d'examen de la GRC, budget des dépenses 2000-2001, partie III, rapport sur les plans et les priorités |w(CaOODSP)9.599209 |
| 792 | |tComité externe d'examen de la GRC |efre|w(CaOODSP)9.533253 |
| 830 | #0|a2000-2001 estimates, part III: report on plans and priorities.|w(CaOODSP)9.508964 |